[Event "TUR-chT 1st League"]
[Site "Konya"]
[Date "2018.07.18"]
[Round "4.9"]
[White "Hoser, Buse"]
[Black "Baloglu, Dila"]
[Result "1/2-1/2"]
[WhiteElo "1056"]
[BlackElo "1595"]
[PlyCount "72"]
[EventDate "2018.07.16"]
[EventType "team-swiss"]
[EventRounds "9"]
[EventCountry "TUR"]
[SourceTitle "EXT 2019"]
[Source "ChessBase"]
[SourceDate "2018.10.10"]
[SourceVersion "1"]
[SourceVersionDate "2018.10.10"]
[SourceQuality "1"]
[WhiteTeam "Karsiyaka Ihtisas"]
[BlackTeam "Malatya Yesilyurt"]
[WhiteTeamCountry "TUR"]
[BlackTeamCountry "TUR"]

1. d4 Nf6 2. c4 e6 3. Nc3 Bb4 4. e3 b6 5. Nge2 Bb7 6. a3 Be7 7. Ng3 d5 8. cxd5 Nxd5 9. e4 Nf6 10. Be3 Nbd7 11. Bc4 h5 12. f3 h4 13. Nge2 e5 14. d5 Bc5 15. Bxc5 Nxc5 16. b4 Ncd7 17. Qb3 Rf8 18. Rd1 Rc8 19. d6 a6 20. Be6 cxd6 21. Rxd6 Qe7 22. Bxd7+ Nxd7 23. Qd1 h3 24. g3 f5 25. 0-0 fxe4 26. fxe4 Rxf1+ 27. Kxf1 Qf7+ 28. Ke1 Rc7 29. Nd5 Rc6 30. Rxc6 Bxc6 31. Nc7+ Kd8 32. Qd6 Bb7 33. Ne6+ Ke8 34. Nc7+ Kd8 35. Ne6+ Ke8 36. Nc7+ Kd8 1/2-1/2

[Event "TUR-chT 1st League"]
[Site "Konya"]
[Date "2018.07.16"]
[Round "1.6"]
[White "Hoser, Buse"]
[Black "Tikvesli, Ceylin"]
[Result "0-1"]
[WhiteElo "1056"]
[BlackElo "1663"]
[PlyCount "124"]
[EventDate "2018.07.16"]
[EventType "team-swiss"]
[EventRounds "9"]
[EventCountry "TUR"]
[SourceTitle "EXT 2019"]
[Source "ChessBase"]
[SourceDate "2018.10.10"]
[SourceVersion "1"]
[SourceVersionDate "2018.10.10"]
[SourceQuality "1"]
[WhiteTeam "Karsiyaka Ihtisas"]
[BlackTeam "Manisa Turkuaz"]
[WhiteTeamCountry "TUR"]
[BlackTeamCountry "TUR"]

1. d4 d5 2. c4 e6 3. Nc3 Nf6 4. cxd5 exd5 5. Bg5 c6 6. e3 Nbd7 7. Bd3 Bd6 8. Qc2 h6 9. Bh4 0-0 10. Nge2 Re8 11. 0-0 a6 12. Rae1 Be7 13. f3 Nb6 14. b3 Bb4 15. Bf2 Bd7 16. e4 dxe4 17. fxe4 Ng4 18. Kh1 Nxf2+ 19. Rxf2 Bg4 20. Ref1 Rf8 21. Rf4 Qd7 22. h3 Be6 23. Nd1 Be7 24. Ne3 Bxh3 25. Nc4 Nxc4 26. Bxc4 Be6 27. Qd1 Bxc4 28. bxc4 Bg5 29. R4f3 Qe6 30. Qd3 Rae8 31. Ng3 g6 32. a4 h5 33. Re1 Re7 34. Nf1 Rfe8 35. Rf2 Qg4 36. Rfe2 Qh4+ 37. Kg1 Qf4 38. g3 Qg4 39. Kg2 h4 40. Nh2 Qxg3+ 41. Qxg3 hxg3 42. Kxg3 Kg7 43. e5 Rd7 44. Nf3 Bd8 45. Kg4 Bb6 46. Rd1 Red8 47. Red2 Ba5 48. Rd3 b5 49. cxb5 axb5 50. axb5 cxb5 51. d5 Rc7 52. d6 Rc4+ 53. Rd4 Rc2 54. Ng5 Rd7 55. Rh1 Rg2+ 56. Kf4 Bd2+ 57. Kf3 Rxg5 58. Rxd2 Rxe5 59. Rdh2 Rxd6 60. Rh7+ Kf6 61. Rf1 Rf5+ 62. Ke2 Re6+ 0-1